People and competencies : the route to competitive advantage

Αποθηκεύτηκε σε:
Λεπτομέρειες βιβλιογραφικής εγγραφής
Άλλοι συγγραφείς: Boulter, Nick (Επιμελητής έκδοσης), Dalziel, Murray (Επιμελητής έκδοσης), Hill, Jackie (edtf), McClelland, David (Συγγραφέας εισαγωγής κ.λπ.)
Μορφή: Βιβλίο
Γλώσσα:English
Δημοσίευση: London : Kogan Page, c1996.
Έκδοση:2η έκδ.
Θέματα:
Ετικέτες: Προσθήκη ετικέτας
Δεν υπάρχουν, Καταχωρήστε ετικέτα πρώτοι!

MARC

LEADER 00000cam a2200000 a 4500
001 1/119012
008 190604t1996####uk | ||| |||| ||eng||
020 |a 0749421185   |q (χαρτόδετο)  
040 |a GR-MyUa  |b gre  |c GR-MyUa  |e AACR2 
041 0 |a eng 
082 7 |a 658.3   |2 (23)  
245 0 0 |a People and competencies :   |b the route to competitive advantage /   |c edited by Nick Boulter, Murray Dalzier and Jackie Hill ; foreword by David McClelland.  
250 |a 2η έκδ.  
260 |a London :   |b Kogan Page,   |c c1996.  
300 |a 157 σ. :   |b διαγρ., πίν. ;   |c 23 εκ.  
504 |a Περιλαμβάνει βιβλιογραφικές παραπομπές και ευρετήριο.  
650 0 |a Personnel management. 
700 1 |a Boulter, Nick,  |e edt 
700 1 |a Dalziel, Murray,  |e edt 
700 1 |a Hill, Jackie,  |e edtf 
700 1 |a McClelland, David,  |e aui 
852 |a INST  |b CHIOS  |c TSAMOYRGELIS  |e 20190604  |h 658.3 PEO  |p 005200037687  |q 005200037687  |t BK  |y 0 
970 |a Σπέντζα  |b Ελένη  |z 04-06-2019